[Event "Banff op"]
[Site "Banff CAN"]
[Date "2022.11.11"]
[Round "1.16"]
[White "Darvekar, Yash"]
[Black "Lin, Leo"]
[Result "0-1"]
[WhiteElo "1840"]
[BlackElo "2130"]
[PlyCount "86"]
[EventDate "2022.11.11"]
[EventType "swiss"]
[EventRounds "6"]
[EventCountry "CAN"]

1. e4 Nf6 2. e5 Nd5 3. d4 d6 4. Nf3 g6 5. Bc4 Nb6 6. Bb3 Bg7 7. O-O O-O 8. Bf4
Nc6 9. c3 Bg4 10. exd6 cxd6 11. h3 Bf5 12. Na3 Rc8 13. Qd2 Re8 14. Rad1 Na5 15.
Bh6 Bh8 16. g4 Bd7 17. Ng5 d5 18. Bc2 Nac4 19. Nxc4 Nxc4 20. Qc1 Bf6 21. f4 e6
22. f5 exf5 23. gxf5 Qc7 24. fxg6 Qg3+ 25. Kh1 hxg6 26. Rf3 Qh4 27. Nxf7 Bxh3
28. Bg5 Bxg5 29. Qxg5 Qxg5 30. Nxg5 Bg4 31. Bxg6 Bxf3+ 32. Nxf3 Re3 33. Rg1 Kf8
34. Ng5 Ke7 35. Rg2 Re1+ 36. Kh2 Rh8+ 37. Kg3 Rg8 38. Kf2 Ra1 39. Bd3 Nxb2 40.
Ke3 Rxa2 41. Bf1 Nd1+ 42. Kf4 Rxg2 43. Bxg2 Nxc3 0-1

[Event "Banff op"]
[Site "Banff CAN"]
[Date "2022.11.11"]
[Round "1.17"]
[White "Rekhson, Vladislav"]
[Black "Xie, Tao"]
[Result "1-0"]
[WhiteElo "2122"]
[BlackElo "1838"]
[PlyCount "45"]
[EventDate "2022.11.11"]
[EventType "swiss"]
[EventRounds "6"]
[EventCountry "CAN"]

1. e4 e6 2. d4 d5 3. exd5 exd5 4. Bd3 Bd6 5. Qf3 Ne7 6. Bg5 Be6 7. Ne2 c6 8.
Nd2 Qb6 9. O-O-O Nd7 10. c4 Qa5 11. c5 Bb8 12. Nb3 Qc7 13. Nf4 Nf6 14. Rde1 Bg4
15. Qe3 Kf8 16. h3 Bf5 17. Bxf6 gxf6 18. Nh5 Bxd3 19. Qh6+ Ke8 20. Qg7 Qf4+ 21.
Nxf4 Bxf4+ 22. Kd1 Rg8 23. Qxg8+ 1-0

[Event "Banff op"]
[Site "Banff CAN"]
[Date "2022.11.11"]
[Round "1.18"]
[White "Wu, Charles"]
[Black "Vasic, Maxim"]
[Result "1-0"]
[WhiteElo "1820"]
[BlackElo "2119"]
[PlyCount "98"]
[EventDate "2022.11.11"]
[EventType "swiss"]
[EventRounds "6"]
[EventCountry "CAN"]

1. d4 Nf6 2. Bf4 e6 3. e3 b6 4. Nf3 Bb7 5. Nbd2 Be7 6. Bd3 Nh5 7. Bg3 d6 8. Qe2
c5 9. c3 Nc6 10. Ba6 Bxa6 11. Qxa6 Qc8 12. Qxc8+ Rxc8 13. dxc5 bxc5 14. Ne4
Nxg3 15. hxg3 f5 16. Ned2 g5 17. O-O-O g4 18. Ne1 Ne5 19. Kc2 c4 20. e4 O-O 21.
exf5 Rxf5 22. f4 Ng6 23. Kc1 Ra5 24. a3 d5 25. Nc2 Bc5 26. Rde1 Ra6 27. Re2 Rb6
28. Rh5 Rf8 29. Rg5 Be7 30. Rxg4 Rfb8 31. Nf3 Rxb2 32. Rxe6 Bf8 33. Ne5 Rb1+
34. Kd2 Rg1 35. Nxg6 Rxg2+ 36. Re2 Rxe2+ 37. Kxe2 hxg6 38. Rxg6+ Bg7 39. Nb4 d4
40. cxd4 Kf7 41. Rc6 a5 42. Rc7+ Kg6 43. Rc6+ Kf5 44. Rc5+ Ke4 45. Rxa5 Bxd4
46. Ra6 Bb2 47. Re6+ Kf5 48. Rc6 Bxa3 49. Kf3 Rxb4 1-0

[Event "Banff op"]
[Site "Banff CAN"]
[Date "2022.11.11"]
[Round "1.19"]
[White "Srinivasan, Hemant"]
[Black "D'Souza, Carina"]
[Result "0-1"]
[WhiteElo "2108"]
[BlackElo "1794"]
[PlyCount "92"]
[EventDate "2022.11.11"]
[EventType "swiss"]
[EventRounds "6"]
[EventCountry "CAN"]

1. d4 Nf6 2. c4 g6 3. Nc3 Bg7 4. e4 d6 5. Nf3 O-O 6. Be2 e5 7. O-O Nc6 8. d5
Ne7 9. b4 a5 10. bxa5 Rxa5 11. a4 b6 12. Ba3 Ne8 13. Bb4 Ra8 14. a5 bxa5 15.
Bxa5 f5 16. Nd2 fxe4 17. Ndxe4 Nf5 18. c5 Qe7 19. Bb4 Rxa1 20. Qxa1 Nd4 21. Bd3
Nb3 22. Qa7 Nxc5 23. Nxc5 dxc5 24. Bxc5 Nd6 25. Nb5 Rf7 26. Qb8 Qd8 27. Nxd6
cxd6 28. Bxd6 Rb7 29. Qa8 Rd7 30. Rb1 Rxd6 31. Rb8 Bf8 32. Rxc8 Qf6 33. h3 Rd7
34. Bc4 Kg7 35. Re8 Rf7 36. Qa2 Bc5 37. d6 Qxf2+ 38. Qxf2 Rxf2 39. Rg8+ Kh6 40.
Rc8 Bb6 41. Rc6 Ba7 42. Kh1 Rd2 43. Be6 Be3 44. g4 Kg5 45. d7 Kh4 46. Rc8 Kg3
0-1

[Event "Banff op"]
[Site "Banff CAN"]
[Date "2022.11.11"]
[Round "1.20"]
[White "Zacharias, Nicholas"]
[Black "Dorn, Paris"]
[Result "0-1"]
[WhiteElo "1781"]
[BlackElo "2096"]
[PlyCount "58"]
[EventDate "2022.11.11"]
[EventType "swiss"]
[EventRounds "6"]
[EventCountry "CAN"]

1. e4 e6 2. d4 d5 3. e5 c5 4. c3 Nc6 5. Nf3 Bd7 6. a3 Rc8 7. Bd3 cxd4 8. O-O
dxc3 9. Nxc3 a6 10. Re1 Nge7 11. h4 Ng6 12. h5 Nh4 13. Nh2 Nd4 14. Bb1 Bc5 15.
g3 Nhf5 16. g4 Ne7 17. Be3 Nb5 18. Nxb5 Bxb5 19. a4 Bd7 20. Nf3 Qb6 21. Ra3
Bxe3 22. fxe3 Rc4 23. Nd4 Nc6 24. Rb3 Qa7 25. Kh2 Nxe5 26. Nf5 Nxg4+ 27. Kg1
Qb8 28. Re2 exf5 29. Qxd5 Qg3+ 0-1

[Event "Banff op"]
[Site "Banff CAN"]
[Date "2022.11.11"]
[Round "1.21"]
[White "Van den Born, Ico"]
[Black "Leong, Aiden"]
[Result "0-1"]
[WhiteElo "2074"]
[BlackElo "1779"]
[PlyCount "96"]
[EventDate "2022.11.11"]
[EventType "swiss"]
[EventRounds "6"]
[EventCountry "CAN"]

1. c4 e6 2. g3 d5 3. Bg2 Nf6 4. Nf3 Be7 5. O-O O-O 6. b3 c6 7. e3 b6 8. Qc2 Bb7
9. Bb2 Nbd7 10. Re1 Rc8 11. d3 Qc7 12. Nc3 c5 13. Rad1 Rfd8 14. Qb1 a6 15. cxd5
Nxd5 16. d4 Nxc3 17. Bxc3 Bf6 18. Bb2 cxd4 19. exd4 b5 20. Rc1 Qd6 21. Red1
Rxc1 22. Qxc1 Nb6 23. Qe3 Nd5 24. Qe2 Ne7 25. g4 g6 26. h3 Bd5 27. Qe3 Nc6 28.
a4 bxa4 29. bxa4 Qb4 30. Qf4 Bg7 31. Qd2 Qxa4 32. Ra1 Qb5 33. Bf1 Bc4 34. Bg2
e5 35. Ng5 Nxd4 36. Bxd4 exd4 37. Ra5 Qb1+ 38. Kh2 d3 39. Rc5 Qb8+ 40. f4 Rd4
41. Kg3 Bf8 42. Rxc4 Rxc4 43. Bd5 Rxf4 44. Kg2 Bc5 45. Bxf7+ Rxf7 46. Nxf7 Qb7+
47. Kg3 Qxf7 48. Qxd3 Qf2# 0-1

[Event "Banff op"]
[Site "Banff CAN"]
[Date "2022.11.11"]
[Round "1.22"]
[White "Moore, Pat"]
[Black "Kim, Noah"]
[Result "1/2-1/2"]
[WhiteElo "1777"]
[BlackElo "2069"]
[PlyCount "132"]
[EventDate "2022.11.11"]
[EventType "swiss"]
[EventRounds "6"]
[EventCountry "CAN"]

1. d4 Nf6 2. Nf3 g6 3. Bf4 Bg7 4. e3 O-O 5. Be2 c5 6. c3 d6 7. O-O cxd4 8. exd4
Nc6 9. Nbd2 Re8 10. h3 e5 11. dxe5 dxe5 12. Bg5 h6 13. Bxf6 Qxf6 14. Ne4 Qe7
15. Qd6 Bf5 16. Qxe7 Rxe7 17. Nd6 Be6 18. Bc4 Rd8 19. Bxe6 Rxd6 20. Bb3 e4 21.
Nh2 Rd2 22. Rab1 Na5 23. Rfd1 Nxb3 24. axb3 Rxd1+ 25. Rxd1 f5 26. Rd5 Kf7 27.
Kf1 Be5 28. g3 h5 29. Kg2 Ke6 30. Rd1 g5 31. Nf1 f4 32. Rd8 Bf6 33. Nd2 Kf5 34.
Nc4 h4 35. g4+ Kg6 36. Kf1 b5 37. Nd6 b4 38. Nf5 Rc7 39. c4 Bxb2 40. Rg8+ Bg7
41. c5 a5 42. Rxg7+ Rxg7 43. Nxg7 a4 44. c6 a3 45. c7 a2 46. c8=Q a1=Q+ 47. Kg2
Qe5 48. Kg1 Kxg7 49. Qd7+ Kf6 50. Qd8+ Ke6 51. Qg8+ Kd7 52. Qf7+ Qe7 53. Qd5+
Kc7 54. Qc4+ Kb6 55. Qd4+ Kb5 56. Qc4+ Ka5 57. Qd5+ Kb6 58. Qd4+ Kb7 59. Qd5+
Kc7 60. Qc4+ Kd8 61. Qd5+ Qd7 62. Qxg5+ Kc7 63. Qc5+ Kd8 64. Qf8+ Kc7 65. Qxf4+
Kb6 66. Qxe4 Qd1+ 1/2-1/2

[Event "Banff op"]
[Site "Banff CAN"]
[Date "2022.11.11"]
[Round "1.23"]
[White "Chandra, Anand Rishi"]
[Black "Chen, Ricky"]
[Result "1-0"]
[WhiteElo "2063"]
[BlackElo "1764"]
[PlyCount "71"]
[EventDate "2022.11.11"]
[EventType "swiss"]
[EventRounds "6"]
[EventCountry "CAN"]

1. e4 g6 2. d4 Bg7 3. Nf3 c5 4. c3 cxd4 5. cxd4 d5 6. e5 Nc6 7. Nc3 Nh6 8. h3
O-O 9. Bf4 f6 10. Qd2 Nf7 11. exf6 Bxf6 12. Be2 Bg7 13. O-O Nd6 14. Nxd5 Ne4
15. Qc2 Bf5 16. Ne3 Nxd4 17. Nxd4 Qxd4 18. Nxf5 gxf5 19. Be3 Qf6 20. Rad1 Nd6
21. Bd4 Qf7 22. Bf3 Rac8 23. Qe2 Bxd4 24. Rxd4 Kh8 25. Re1 Rc7 26. Bd5 Qf6 27.
Qe3 Re8 28. Rb4 b6 29. Be6 Ne4 30. Bxf5 Nxf2 31. Qxf2 Rf8 32. Rf1 e6 33. Bd3
Qxf2+ 34. Rxf2 Rc1+ 35. Rf1 Rfxf1+ 36. Bxf1 1-0

[Event "Banff op"]
[Site "Banff CAN"]
[Date "2022.11.11"]
[Round "1.24"]
[White "Ming, Jerry"]
[Black "Valentino, Marcos"]
[Result "0-1"]
[WhiteElo "1731"]
[BlackElo "2041"]
[PlyCount "67"]
[EventDate "2022.11.11"]
[EventType "swiss"]
[EventRounds "6"]
[EventCountry "CAN"]

1. e4 c6 2. d4 d6 3. Nc3 e5 4. dxe5 dxe5 5. Qxd8+ Kxd8 6. Bc4 f6 7. Be3 Nd7 8.
O-O-O Kc7 9. Nge2 b5 10. Nxb5+ cxb5 11. Bd5 Rb8 12. Bxa7 Bc5 13. Bxb8+ Nxb8 14.
Nc3 b4 15. Nb5+ Kb6 16. Nd6 Bxd6 17. Bxg8 Bc5 18. Bc4 Bxf2 19. Rd5 Bd7 20. Rhd1
Bc6 21. Rd6 Kc5 22. Rd8 Rxd8 23. Rxd8 Kxc4 24. Rxb8 Bxe4 25. b3+ Kc5 26. Rc8+
Bc6 27. Rc7 Be3+ 28. Kd1 Bh6 29. g3 e4 30. Rc8 e3 31. Ke2 Kb6 32. Rd8 Be4 33.
Re8 f5 34. Re5 {illisible} 0-1

[Event "Banff op"]
[Site "Banff CAN"]
[Date "2022.11.11"]
[Round "1.25"]
[White "Suominen, David"]
[Black "Russell, Wesley"]
[Result "1-0"]
[WhiteElo "2040"]
[BlackElo "1713"]
[PlyCount "121"]
[EventDate "2022.11.11"]
[EventType "swiss"]
[EventRounds "6"]
[EventCountry "CAN"]

1. Nf3 d5 2. c4 e6 3. g3 Nf6 4. Bg2 Be7 5. O-O O-O 6. d4 b6 7. Nc3 Bb7 8. Ne5
c5 9. dxc5 bxc5 10. Qb3 Qb6 11. cxd5 Qxb3 12. axb3 exd5 13. Nb5 Na6 14. Rxa6
Bxa6 15. Nc7 Bd6 16. Nxa6 Bxe5 17. Nxc5 Rac8 18. Nd3 Bd6 19. Bg5 d4 20. Ra1 Bb8
21. Bxf6 gxf6 22. Bd5 Rfd8 23. Bc4 Re8 24. Kf1 Kg7 25. Nb4 Bd6 26. Nd5 Bc5 27.
Nf4 Bb6 28. Nh5+ Kg6 29. Nf4+ Kg7 30. Kg2 f5 31. Bd3 Kf6 32. Nd5+ Ke5 33. Nxb6
axb6 34. Ra6 Rb8 35. b4 Kf6 36. b5 Rec8 37. Ra4 Rd8 38. Kf3 Ke5 39. b3 Rd7 40.
Rc4 Rbb7 41. Rc6 Rd6 42. Bxf5 Rxc6 43. bxc6 Rc7 44. Bd7 f5 45. b4 b5 46. h3 h6
47. g4 fxg4+ 48. Kxg4 Kf6 49. Kf4 Ke7 50. Ke5 Ra7 51. Kxd4 Kd6 52. e4 Ra4 53.
e5+ Ke7 54. Kc5 Ra2 55. Kxb5 Rxf2 56. Kb6 Kd8 57. Kb7 Rc2 58. b5 Ke7 59. b6 Rc5
60. e6 h5 61. c7 1-0

[Event "Banff op"]
[Site "Banff CAN"]
[Date "2022.11.11"]
[Round "1.26"]
[White "Moore, Kevin"]
[Black "Yearwood, Roy"]
[Result "1/2-1/2"]
[WhiteElo "1655"]
[BlackElo "2032"]
[PlyCount "70"]
[EventDate "2022.11.11"]
[EventType "swiss"]
[EventRounds "6"]
[EventCountry "CAN"]

1. e4 c6 2. Bc4 d5 3. Bb3 dxe4 4. Qh5 g6 5. Qh4 Nf6 6. Nc3 Bf5 7. f3 exf3 8.
Nxf3 h5 9. d4 e6 10. O-O Be7 11. Bg5 Nh7 12. Bxe7 Qxe7 13. Qg3 Nd7 14. Rfe1
O-O-O 15. Kh1 Nhf6 16. d5 Nc5 17. dxc6 bxc6 18. Ne5 Kb7 19. Qf4 Rc8 20. Qb4+
Ka8 21. Na4 Nfe4 22. Rxe4 Bxe4 23. Qxc5 Qg5 24. Rg1 h4 25. h3 Rh5 26. Nb6+ axb6
27. Qxb6 Qd8 28. Qa6+ Kb8 29. Nxf7 Qc7 30. Nd6 Qxd6 31. Qb6+ Ka8 32. Qa6+ Kb8
33. Qb6+ Ka8 34. Qa6+ Kb8 35. Qb6+ Ka8 1/2-1/2

[Event "Banff op"]
[Site "Banff CAN"]
[Date "2022.11.11"]
[Round "2.1"]
[White "Dorn, Paris"]
[Black "De Firmian, Nick"]
[Result "0-1"]
[WhiteElo "2096"]
[BlackElo "2550"]
[PlyCount "91"]
[EventDate "2022.11.11"]
[EventType "swiss"]
[EventRounds "6"]
[EventCountry "CAN"]

1. d4 Nf6 2. c4 e6 3. Nc3 Bb4 4. f3 d5 5. a3 Bxc3+ 6. bxc3 c5 7. cxd5 Nxd5 8.
dxc5 Qa5 9. e4 Ne7 10. Be3 Nd7 11. Qb3 O-O 12. Bb5 Qc7 13. Bxd7 Bxd7 14. Ne2
Nc6 15. c4 e5 16. Rd1 Be6 17. Rd5 Na5 18. Qb4 Rfb8 19. Kf2 b6 20. cxb6 axb6 21.
Rc1 Bxd5 22. cxd5 Qd8 23. Nc3 Rc8 24. Bxb6 Qh4+ 25. Kg1 Nc4 26. Bf2 Qh6 27. Ne2
Qa6 28. Ra1 Nxa3 29. Ng3 Nc2 30. Rxa6 Nxb4 31. Rxa8 Rxa8 32. h4 g6 33. Bc5 Nd3
34. Be7 Kg7 35. Ne2 f6 36. g4 Kf7 37. Bd6 Ra1+ 38. Kg2 Ra2 39. Kf1 Rc2 40. g5
f5 41. exf5 gxf5 42. f4 exf4 43. Nd4 Rf2+ 44. Kg1 f3 45. Nxf5 Rg2+ 46. Kh1 0-1

[Event "Banff op"]
[Site "Banff CAN"]
[Date "2022.11.11"]
[Round "2.2"]
[White "Valentino, Marcos"]
[Black "Nones, Teodulfo II"]
[Result "0-1"]
[WhiteElo "2041"]
[BlackElo "2347"]
[PlyCount "56"]
[EventDate "2022.11.11"]
[EventType "swiss"]
[EventRounds "6"]
[EventCountry "CAN"]

1. Nf3 c5 2. b3 Nc6 3. Bb2 d6 4. g3 e5 5. d3 f5 6. Bg2 Nf6 7. Nbd2 Be7 8. e4
O-O 9. h3 Qe8 10. a3 h6 11. Qe2 Be6 12. Nc4 fxe4 13. dxe4 Nd4 14. Bxd4 cxd4 15.
O-O Rc8 16. Rfc1 Qh5 17. Kh2 Rf7 18. Rh1 b5 19. Nb2 d5 20. exd5 Bxd5 21. Kg1 e4
22. Nxd4 Qxe2 23. Nxe2 Rxc2 24. Nf4 Rxb2 25. Nxd5 Nxd5 26. Bxe4 Nc3 27. Bd3
Rfxf2 28. b4 Bf6 0-1

[Event "Banff op"]
[Site "Banff CAN"]
[Date "2022.11.11"]
[Round "2.3"]
[White "Kaufman, Raymond"]
[Black "Chandra, Anand Rishi"]
[Result "1-0"]
[WhiteElo "2340"]
[BlackElo "2063"]
[PlyCount "77"]
[EventDate "2022.11.11"]
[EventType "swiss"]
[EventRounds "6"]
[EventCountry "CAN"]

1. e4 e5 2. Nf3 Nc6 3. Bb5 a6 4. Ba4 Nf6 5. O-O b5 6. Bb3 Be7 7. Re1 d6 8. c3
Na5 9. Bc2 c5 10. d4 Qc7 11. Nbd2 O-O 12. Nf1 cxd4 13. cxd4 Nc6 14. Ne3 Rd8 15.
Bb3 Qa7 16. d5 Nb8 17. Bc2 a5 18. a4 b4 19. Nc4 Nbd7 20. Be3 Nc5 21. h3 Nfd7
22. Nfd2 Qc7 23. Rc1 Ba6 24. Bb1 Rdc8 25. b3 Bb7 26. Kh1 f5 27. f4 Bf6 28. exf5
Bxd5 29. Ne4 Bxe4 30. Bxe4 Nxe4 31. Qd5+ Kh8 32. Nxe5 Ndc5 33. Nf7+ Qxf7 34.
Qxf7 Nd3 35. Rxc8+ Rxc8 36. Qe6 Rd8 37. Qxe4 Nxe1 38. Bd2 Bc3 39. Qxe1 1-0

[Event "Banff op"]
[Site "Banff CAN"]
[Date "2022.11.11"]
[Round "2.4"]
[White "Xu, Andrew"]
[Black "Findlay, Ian"]
[Result "0-1"]
[WhiteElo "1962"]
[BlackElo "2304"]
[PlyCount "72"]
[EventDate "2022.11.11"]
[EventType "swiss"]
[EventRounds "6"]
[EventCountry "CAN"]

1. e4 c5 2. Nf3 e6 3. b3 d5 4. exd5 exd5 5. Bb2 Nf6 6. d4 Nc6 7. Be2 cxd4 8.
O-O Bc5 9. Nxd4 O-O 10. Nxc6 bxc6 11. Nd2 Re8 12. c4 Be6 13. Rc1 Rc8 14. h3 Qe7
15. Re1 Ne4 16. Nxe4 dxe4 17. Bf1 Qh4 18. Qe2 Bf5 19. Red1 e3 20. f3 Qg3 21.
Kh1 Bd6 22. Rxd6 Qxd6 23. Rd1 Qe7 24. Bc3 Rcd8 25. Rd4 Rxd4 26. Bxd4 c5 27. Bc3
Rd8 28. Qe1 Bd3 29. Ba5 Rd7 30. Bxd3 Rxd3 31. Qe2 Qd6 32. Be1 Rd1 33. Qxe3 Qe6
34. Qxc5 Qxe1+ 35. Kh2 g6 36. Qc7 h5 0-1

[Event "Banff op"]
[Site "Banff CAN"]
[Date "2022.11.11"]
[Round "2.5"]
[White "Khodjimatov, Sherzod"]
[Black "Suominen, David"]
[Result "1-0"]
[WhiteElo "2282"]
[BlackElo "2040"]
[PlyCount "53"]
[EventDate "2022.11.11"]
[EventType "swiss"]
[EventRounds "6"]
[EventCountry "CAN"]

1. e4 c6 2. Nc3 d5 3. Nf3 Bg4 4. h3 Bxf3 5. Qxf3 Nf6 6. d3 e6 7. Qg3 Nbd7 8.
Be2 Bb4 9. O-O Bxc3 10. bxc3 dxe4 11. Qxg7 Rg8 12. Qh6 Rg6 13. Qh4 Ne5 14. c4
exd3 15. cxd3 Qc7 16. d4 Ned7 17. Bd3 Rg8 18. Bg5 Ke7 19. Rab1 b6 20. Rfe1 Rae8
21. Bf4 Qc8 22. Re3 Rg7 23. Bh6 Reg8 24. Bxg7 Rxg7 25. d5 cxd5 26. cxd5 Qb7 27.
Be4 1-0

[Event "Banff op"]
[Site "Banff CAN"]
[Date "2022.11.11"]
[Round "2.6"]
[White "Wu, Nathan"]
[Black "Arruebarrena, Rafael"]
[Result "0-1"]
[WhiteElo "1842"]
[BlackElo "2238"]
[PlyCount "56"]
[EventDate "2022.11.11"]
[EventType "swiss"]
[EventRounds "6"]
[EventCountry "CAN"]

1. d4 Nf6 2. Bf4 d5 3. e3 c5 4. dxc5 e6 5. b4 a5 6. c3 Bd7 7. Nd2 axb4 8. cxb4
b6 9. cxb6 Bxb4 10. Bc7 Qe7 11. Ngf3 Ba4 12. Qb1 O-O 13. Qd3 Nbd7 14. Qd4 e5
15. Bxe5 Nxe5 16. Nxe5 Ne4 17. Nef3 Bc3 18. Qxd5 Nxd2 19. Nxd2 Rad8 20. Qc4
Bxa1 21. Bd3 Rc8 22. Qxa4 Rc1+ 23. Ke2 Rxh1 24. Be4 Rd8 25. Qc4 Qd6 26. Qc2
Qxb6 27. Bxh7+ Kh8 28. Qf5 Rxh2 0-1

[Event "Banff op"]
[Site "Banff CAN"]
[Date "2022.11.11"]
[Round "2.7"]
[White "Liu, Zachary"]
[Black "Tolentino, Patrick Angelo"]
[Result "1/2-1/2"]
[WhiteElo "1963"]
[BlackElo "2250"]
[PlyCount "53"]
[EventDate "2022.11.11"]
[EventType "swiss"]
[EventRounds "6"]
[EventCountry "CAN"]

1. e4 c6 2. d4 d5 3. exd5 cxd5 4. Bd3 Nc6 5. c3 Nf6 6. h3 e5 7. dxe5 Nxe5 8.
Qe2 Qe7 9. Be3 Nxd3+ 10. Qxd3 Bd7 11. Nf3 Qe4 12. Qe2 Bd6 13. Nbd2 Qe7 14. O-O
O-O 15. Rfe1 Bf5 16. Nd4 Bg6 17. Nb5 Bb8 18. Qf1 Qd7 19. Nd4 h6 20. f4 Be4 21.
Nxe4 dxe4 22. Qb5 Qxb5 23. Nxb5 a6 24. Nd4 Nd5 25. Bf2 f5 26. g3 Ba7 27. Nc2
1/2-1/2

[Event "Banff op"]
[Site "Banff CAN"]
[Date "2022.11.11"]
[Round "2.9"]
[White "Kostadinov, Georgi"]
[Black "Jiang, Kate"]
[Result "1-0"]
[WhiteElo "2185"]
[BlackElo "1952"]
[PlyCount "76"]
[EventDate "2022.11.11"]
[EventType "swiss"]
[EventRounds "6"]
[EventCountry "CAN"]

1. d4 d5 2. c4 c6 3. Nf3 Nf6 4. g3 e6 5. Bg2 Bd6 6. Nfd2 Nbd7 7. e4 dxe4 8.
Nxe4 Nxe4 9. Bxe4 Nf6 10. Bf3 O-O 11. O-O e5 12. Nc3 Re8 13. d5 cxd5 14. cxd5
Bh3 15. Re1 Bb4 16. Bg5 h6 17. Bd2 Bf5 18. Qb3 Bxc3 19. Bxc3 e4 20. Be2 Qxd5
21. Bc4 Qd7 22. Bb5 Qe7 23. Bxe8 Nxe8 24. Qd5 Bg6 25. Qe5 Qxe5 26. Bxe5 f6 27.
Bf4 Kf8 28. Rad1 Bf5 29. Rd5 Be6 30. Rd4 b6 31. Ra4 f5 32. f3 Nf6 33. Be5 Bd5
34. Rd4 Bxa2 35. Bxf6 gxf6 36. fxe4 Re8 37. Kf2 fxe4 38. Rexe4 Re6 {illisible}
1-0

[Event "Banff op"]
[Site "Banff CAN"]
[Date "2022.11.11"]
[Round "2.10"]
[White "Lin, Leo"]
[Black "Wu, Charles"]
[Result "1-0"]
[WhiteElo "2130"]
[BlackElo "1820"]
[PlyCount "59"]
[EventDate "2022.11.11"]
[EventType "swiss"]
[EventRounds "6"]
[EventCountry "CAN"]

1. d4 d5 2. Bf4 c5 3. c3 Nc6 4. e3 Bf5 5. Qb3 Qc8 6. Nd2 c4 7. Qd1 e6 8. Ngf3
Nf6 9. Be2 h6 10. h3 Be7 11. O-O b5 12. b3 Ba3 13. bxc4 bxc4 14. Qa4 Bb2 15.
Ne5 Bxa1 16. Rxa1 O-O 17. Qxc6 a5 18. f3 Rb8 19. e4 Rb2 20. Qxc8 Rxc8 21. exf5
Rc2 22. fxe6 fxe6 23. Bd1 Rxc3 24. Nb1 Rd3 25. Nxd3 cxd3 26. Nd2 g5 27. Bh2 Nd7
28. Rb1 Nb6 29. Rxb6 Rc1 30. Rb1 1-0

[Event "Banff op"]
[Site "Banff CAN"]
[Date "2022.11.11"]
[Round "2.11"]
[White "Leong, Aiden"]
[Black "Rekhson, Vladislav"]
[Result "0-1"]
[WhiteElo "1779"]
[BlackElo "2122"]
[PlyCount "56"]
[EventDate "2022.11.11"]
[EventType "swiss"]
[EventRounds "6"]
[EventCountry "CAN"]

1. Nf3 c5 2. c4 Nf6 3. g3 Nc6 4. Nc3 d6 5. Bg2 g6 6. O-O Bg7 7. d4 cxd4 8. Nxd4
Bd7 9. e3 O-O 10. b3 h5 11. Bb2 a6 12. Qc2 Rc8 13. Rad1 Qa5 14. a3 h4 15. Nxc6
Bxc6 16. b4 Qh5 17. Bxc6 Rxc6 18. Ne4 hxg3 19. fxg3 Ng4 20. Bxg7 Kxg7 21. Rd2
Ne5 22. Rd5 Nf3+ 23. Kh1 Qxd5 24. cxd5 Rxc2 25. Rxf3 Rfc8 26. Ng5 f5 27. Ne6+
Kf6 28. e4 Re2 0-1

[Event "Banff op"]
[Site "Banff CAN"]
[Date "2022.11.11"]
[Round "2.12"]
[White "Wolchock, Theo"]
[Black "Hoekman, Samuel"]
[Result "1/2-1/2"]
[WhiteElo "2212"]
[BlackElo "1857"]
[PlyCount "58"]
[EventDate "2022.11.11"]
[EventType "swiss"]
[EventRounds "6"]
[EventCountry "CAN"]

1. e4 c5 2. Nf3 e6 3. b3 Nc6 4. Bb2 Nf6 5. e5 Nd5 6. c4 Nde7 7. Bd3 b6 8. O-O
Bb7 9. Be4 Qc7 10. Qe2 Ng6 11. Na3 a6 12. Nc2 O-O-O 13. d4 d6 14. Rfd1 dxe5 15.
dxe5 Be7 16. Rxd8+ Rxd8 17. Bxg6 hxg6 18. Rd1 Rh8 19. Ne3 Rd8 20. Rxd8+ Qxd8
21. Qd2 Qxd2 22. Nxd2 Nb4 23. a3 Nd3 24. Bc3 Bg5 25. Kf1 Bf4 26. Ng4 Nc1 27.
Ne3 Nd3 28. Ng4 Nc1 29. Ne3 Nd3 1/2-1/2

[Event "Banff op"]
[Site "Banff CAN"]
[Date "2022.11.11"]
[Round "2.13"]
[White "Zhu, Brandon"]
[Black "Malek, Omid"]
[Result "1/2-1/2"]
[WhiteElo "2066"]
[BlackElo "2190"]
[PlyCount "92"]
[EventDate "2022.11.11"]
[EventType "swiss"]
[EventRounds "6"]
[EventCountry "CAN"]

1. d4 Nf6 2. Nf3 e6 3. Bf4 d5 4. e3 Nh5 5. Ne5 Nxf4 6. exf4 Bd6 7. Bd3 Nd7 8.
Qg4 g6 9. h4 Nf6 10. Qe2 a6 11. Nd2 c5 12. dxc5 Bxc5 13. O-O-O Qb6 14. g4 h5
15. f5 gxf5 16. gxf5 Ng4 17. Nxg4 hxg4 18. Qxg4 Bd7 19. fxe6 Bxe6 20. Qa4+ Kf8
21. f4 Bg4 22. Rde1 Qd6 23. Be2 Bf5 24. Bf3 f6 25. h5 b5 26. Qb3 Rd8 27. Rhf1
Rg8 28. Re2 Rg3 29. Rg2 Rh3 30. c3 Be3 31. Be2 b4 32. Qxb4 Qxb4 33. cxb4 Rc8+
34. Kd1 Bxd2 35. Kxd2 Rc2+ 36. Kd1 Rxb2 37. Rfg1 Rxb4 38. Ke1 Rxf4 39. Bxa6
Rxh5 40. Rf2 Ra4 41. Be2 Re4 42. Kd2 Rh3 43. Rxf5 Rh2 44. Re1 Ra4 45. Ra1 Re4
46. Re1 Ra4 1/2-1/2

[Event "Banff op"]
[Site "Banff CAN"]
[Date "2022.11.11"]
[Round "2.14"]
[White "Kim, Noah"]
[Black "Hobbs, Richard"]
[Result "1-0"]
[WhiteElo "2069"]
[BlackElo "1876"]
[PlyCount "123"]
[EventDate "2022.11.11"]
[EventType "swiss"]
[EventRounds "6"]
[EventCountry "CAN"]

1. e4 d5 2. exd5 Nf6 3. Nc3 Nxd5 4. Bc4 Nb6 5. Bb3 Nc6 6. Nf3 Bf5 7. O-O e6 8.
d4 Na5 9. Re1 Be7 10. Ne2 Nxb3 11. axb3 O-O 12. Ng3 Bg6 13. Ne5 Nd7 14. Nxg6
hxg6 15. Qf3 c6 16. c3 Nf6 17. Bg5 Qd5 18. Bxf6 Qxf3 19. gxf3 gxf6 20. b4 f5
21. Nf1 Kg7 22. Ne3 Rh8 23. Nc4 b6 24. Ra6 Bg5 25. Kg2 Bf4 26. h3 Rh5 27. Rh1
Bc7 28. b3 Rg5+ 29. Kf1 b5 30. Nd2 Bb6 31. f4 Rh5 32. Nf3 Rah8 33. h4 f6 34.
Rg1 Re8 35. Ke2 Kh6 36. c4 Bc7 37. Ke3 e5 38. fxe5 fxe5 39. Rxc6 exd4+ 40. Kd3
Re7 41. Rgxg6+ Kh7 42. Ng5+ Kh8 43. Rcf6 Re8 44. Nf7+ Kh7 45. Ng5+ Kh8 46. Nf3
Bd8 47. Rh6+ Rxh6 48. Rxh6+ Kg7 49. Ra6 bxc4+ 50. bxc4 Re7 51. Nxd4 Rd7 52. Ke3
f4+ 53. Ke4 Bf6 54. Nf5+ Kg6 55. Kxf4 Rf7 56. Kg4 Kh7 57. c5 Be5 58. f4 Bc3 59.
b5 Bb4 60. Rh6+ Kg8 61. Rc6 Bd2 62. Nh6+ 1-0

[Event "Banff op"]
[Site "Banff CAN"]
[Date "2022.11.11"]
[Round "2.15"]
[White "Yearwood, Roy"]
[Black "Moore, Pat"]
[Result "1-0"]
[WhiteElo "2032"]
[BlackElo "1777"]
[PlyCount "74"]
[EventDate "2022.11.11"]
[EventType "swiss"]
[EventRounds "6"]
[EventCountry "CAN"]

1. e4 c5 2. Nf3 d6 3. c3 Nf6 4. Bd3 Nc6 5. O-O Bg4 6. Re1 Ne5 7. Bb5+ Nfd7 8.
Nxe5 Bxd1 9. Bxd7+ Qxd7 10. Nxd7 Bg4 11. Nxf8 Rxf8 12. d4 Kd7 13. dxc5 dxc5 14.
Be3 Kc6 15. f3 Bh5 16. Nd2 e5 17. Nc4 f6 18. Na5+ Kc7 19. Bxc5 Rfd8 20. Nb3 b6
21. Bf2 Bf7 22. Re2 Rd7 23. Rd2 Rad8 24. Rad1 Rxd2 25. Rxd2 Rxd2 26. Nxd2 Kc6
27. b3 Kb5 28. Be3 Kc6 29. Kf2 a5 30. Nc4 Bxc4 31. bxc4 g6 32. Ke2 Kc7 33. Kd3
Kc6 34. g4 g5 35. a4 h6 36. Bf2 Kc7 37. c5 bxc5 1-0

[Event "Banff op"]
[Site "Banff CAN"]
[Date "2022.11.11"]
[Round "2.16"]
[White "Ng, Gary"]
[Black "Moore, Kevin"]
[Result "1-0"]
[WhiteElo "2378"]
[BlackElo "1655"]
[PlyCount "29"]
[EventDate "2022.11.11"]
[EventType "swiss"]
[EventRounds "6"]
[EventCountry "CAN"]

1. d4 Nf6 2. Bf4 d5 3. e3 Bf5 4. c4 e6 5. Qb3 Qc8 6. Nc3 c6 7. Rc1 Qd7 8. Nf3
dxc4 9. Bxc4 Bd6 10. Bxd6 b5 11. Nxb5 a6 12. Ne5 axb5 13. Nxd7 bxc4 14. Nxf6+
gxf6 15. Qb7 1-0